00482nam a2200169Ia 4500008004100000100002300041245005200064245002300116260000800139260000900147300003000156440005700186650001700243650001700260650002300277650001200300180910s9999 xx 000 0 und d aKitayama, Shinobu. aJournal of Personalilty and Social Psychology / cShinobu, Kitayama. bUSA c2018 apages 1-194, January 2018 aJournal of Personalilty and Social Psychologyv144:1 aPeriodicals. aPersonality. aSocial Psychology. aTraits.